000 00774nam a2200229Ii 4500
003 JO-AjNU
008 230605s9999||||xx |||||||||||||| ||und||
017 _a2012/14190
020 _a978-977-04-70-70-1
040 _aJO-AjNU
_bara
_erda
_cJO-AjNU
041 _aara
050 1 4 _aJF1411.2012
100 3 _aهديهد، سمية عبدة ,
_eauthor
_944709
245 0 0 _aالاختصاص في القرار الإدارى " دراسة مقارنة " في مصر وفرنسا والكويت
250 _aط1
264 3 1 _aالقاهرة : دار النهضة العربية ، 2012
300 _a312ص
336 _atext
_btxt
_2rdacontent
337 _aunmediated
_bn
_2rdamedia
338 _avolume
_bnc
_2rdacarrier
650 4 _aقرارات ادارية
_944710
999 _aA19325
_c22893
_d22893